000 01709nam a22001577a 4500
041 _aukr
080 _a09
090 _bЛОЗ
100 _aЛозицька, Т. О..
245 _aСтиль реалізму у драматургії Бернарда Шоу
260 _aОстрог
_bКАФ
_c2017
300 _a139
520 _aВступ. Розділ І. Жанрово-стильова еволюція драматургії Б. Шоу. 1.1. Економічний та суспільно-політичний розвиток Великобританії на межі ХІХ-ХХ століть 1.2. Стиль реалізму в англійській драматургії кінця ХІХ століття 1.3. Основні засади нарису "Квінтесенція ібсенізму" Б. Шоу Розділ ІІ. Вербальні і невербальні характеристики персонажа в комедії Б. Шоу "Серцеїд". 2.1. Флірт як любовний звязок у комедії "Серцеїд" 2.2. Мода елемент формування стилю життя персонажа Розділ ІІІ. "Нерівний шлюб" Б. Шоу як пєса-дискусія найвищого типу. 3.1. Конфлікт як внутрішній механізм побудови пєси "Нерівний шлюб" 3.2. Авторська стратегія концепції характеру в пєсі Б. Шоу Висновки. Список використаної літератури.
_0літературознавство, драматургія, Б.Шоу
650 _aResearch Papers
999 _c285819
_d285819
942 _cBK